Fragmenta Vaticana. Storia di un testo normativo

Guardat en:
Dades bibliogràfiques
Autor principal: Filippi, Marisa de (Autor)
Format: Llibre
Idioma:italià
Publicat: Bari Cacucci 1997
Matèries:
Etiquetes: Afegir etiqueta
Sense etiquetes, Sigues el primer a etiquetar aquest registre!

MARC

LEADER 00000nam a2200000 a 4500
001 UCR4648
003 CL-VaPUC
008 980313e19970000IT |||||||||||||||||ita|d
082 0 4 |a 340.54  |b FIL  |2 21 
100 0 |a Filippi, Marisa de  |e author  |9 405089 
245 1 0 |a Fragmenta Vaticana. Storia di un testo normativo 
300 |a 207 p 
942 |c BK 
945 |d 19980313 00:00:00  |a aolguin 
260 |a Bari  |b Cacucci  |c 1997 
650 0 |a Derecho romano  |9 255930 
650 0 |a Fuentes del derecho   |9 255162 
650 0 |a Escritos jurídicos  |9 392715 
650 0 |a Derecho privado  |9 258243 
650 7 |a SISTEMA JURIDICO  |2 CL-VaPUC  |9 405090 
650 0 |a Manuscritos   |9 313680 
650 0 |a Derecho civil  |9 255013 
583 |a last modification  |c 19980313 00:00:00  |k Rodrigo Vera 
999 |c 267548  |d 267546 
952 |0 0  |1 0  |4 0  |6 340_540000000000000_FIL_1997  |7 0  |8 DER_ROM  |9 299941  |a BIBDER  |b BIBDER  |d 2019-11-20  |i 1961918  |o 340.54 FIL 1997  |p 1961918  |r 2023-01-25  |w 2019-11-20  |x Ubicación 4to piso  |y BK  |z Este recurso debe solicitarse con anticipación  |k DER